Gaming Quiz

Random Gaming or Pokémon Quiz

All of the totem pokemon in sun and moon Quiz Stats

 Plays Quiz not verified by Sporcle

Challenge
Share
Tweet
Embed
Score 0/8 Timer 10:00
0 Plays Today
Hint Answer % Correct
Wishiwashi
98.7%
Gumshoos
97.5%
Lurantis
97.5%
Salazzle
94.9%
Vikavolt
92.4%
Raticate
91.1%
Mimikyu
91.1%
Kommo-o
86.1%

You're not logged in!

Compare scores with friends on all Sporcle quizzes.
OR
Log In

You Might Also Like...

Show Comments

Extras

Created Jan 27, 2017ReportNominate
Tags:Pokémon Quiz, Moon, sun, totem

Top Quizzes Today


Score Distribution

Your Account Isn't Verified!

In order to create a playlist on Sporcle, you need to verify the email address you used during registration. Go to your Sporcle Settings to finish the process.

Report this User

Report this user for behavior that violates our Community Guidelines.

Details: